Analytical and Bioanalytical Chemistry

Enregistré dans:
Détails bibliographiques
Format: Publication en série
Langue:anglais
Publié: Heidelberg Springer
Tags: Ajouter un tag
Pas de tags, Soyez le premier à ajouter un tag!

MARC

LEADER 00000nas1a2200000 4500
001 0270121
005 20250701092110.4
022 |a 1618-2650 
022 |a 1618-2642 
041 0 |a eng 
041 0 |a eng 
044 |a DE 
245 1 0 |a Analytical and Bioanalytical Chemistry 
264 1 |a Heidelberg  |b Springer